Xây dựng chiến lược marketing xuất khẩu tại công ty cổ phần thực phẩm Sao Ta (Fimex VN) : Luận văn tốt nghiệp thạc sĩ. Chuyên ngành Quản trị kinh doanh

Phân tích thực trạng và xây dựng chiến lược marketing xuất khẩu cho công ty cổ phần thực phẩm Sao Ta (Fimex VN)

Guardat en:
Dades bibliogràfiques
Autor principal: Trần, Hoài Bão
Format: Llibre
Idioma:Undetermined
Publicat: Cần Thơ Trường Đại học Cần Thơ 2016
Matèries:
Etiquetes: Afegir etiqueta
Sense etiquetes, Sigues el primer a etiquetar aquest registre!
Thư viện lưu trữ: Trung tâm Học liệu Trường Đại học Cần Thơ
LEADER 01045nam a2200217Ia 4500
001 CTU_216237
008 210402s9999 xx 000 0 und d
082 |a 658.8 
082 |b B108 
088 |a 60340102 
100 |a Trần, Hoài Bão 
245 0 |a Xây dựng chiến lược marketing xuất khẩu tại công ty cổ phần thực phẩm Sao Ta (Fimex VN) : 
245 0 |b Luận văn tốt nghiệp thạc sĩ. Chuyên ngành Quản trị kinh doanh 
245 0 |c Trần Hoài Bão ; Lưu Thanh Đức Hải (Hướng dẫn khoa học) 
260 |a Cần Thơ 
260 |b Trường Đại học Cần Thơ 
260 |c 2016 
520 |a Phân tích thực trạng và xây dựng chiến lược marketing xuất khẩu cho công ty cổ phần thực phẩm Sao Ta (Fimex VN) 
650 |a Quản trị kinh doanh,Tiếp thị,Buniness management,Marketing 
904 |i Nguyên 
980 |a Trung tâm Học liệu Trường Đại học Cần Thơ